00328nam a2200109Ia 4500008004100000082000800041100001800049245003500067942000600102952009500108999001500203240331s9999 xx 000 0 und d bRAJ aRajaperumal,E 0aWaluppetruvarum valaikkarangam cL 001040708LaWERCLbWERCLcSSCd2024-03-31l0o 305 RAJp6245r2024-03-31w2024-03-31yL c4732d4732